MARC

LEADER 00000nam0a2200000 4500
001 313575
005 20231102002608.0
035 |a (RuTPU)RU\TPU\book\338959 
090 |a 313575 
100 |a 20160128d1966 km y0rusy50 ca 
101 0 |a rus 
102 |a RU 
105 |a a z 001zy 
200 1 |a Счетчики импульсов на динисторах  |f А. М, Коротков, В. Д. Мочалов 
210 |a Москва  |a Ленинград  |c Энергия  |d 1966 
215 |a 104 с.  |c ил. 
225 1 |a Библиотека по автоматике  |v Вып. 211 
320 |a Библиогр.: с. 100 
606 1 |a Счетчики импульсов многоканальные  |2 stltpush  |3 (RuTPU)RU\TPU\subj\58454  |9 76244 
610 1 |a полупроводниковые диоды 
610 1 |a импульсные схемы 
610 1 |a применение 
610 1 |a динисторы 
610 1 |a расчеты 
610 1 |a режимы 
610 1 |a преобразователи 
610 1 |a распределители 
675 |a 621.374.3  |v 4 
700 1 |a Коротков  |b А. М,  |g Анатолий Михайлович 
701 1 |a Мочалов  |b В. Д.  |g Владимир Дмитриевич 
801 1 |a RU  |b 63413507  |c 20160128 
801 2 |a RU  |b 63413507  |c 20220601  |g RCR 
942 |c BK